| 000 | 00448cam a2200157 4500 | ||
|---|---|---|---|
| 001 | D13948 | ||
| 008 | 090401t1959 xxu||||| |||| 00| 0 eng d | ||
| 035 | _a(Sirsi) u12427 | ||
| 041 | _aeng | ||
| 110 |
_aSouthern Counties Consultative Committee of Architects Quantity Surveyors & Builders _92847 |
||
| 245 | _aNinth Report 1958/59 | ||
| 260 |
_bSouthern Counties Consultative Committee _c1959 |
||
| 350 | _a0 | ||
| 942 | _n0 | ||
| 948 | _c04/03/1997 | ||
| 999 |
_c86991 _d86991 |
||